| 000 | 01080nmc a2200361 a 4500 | ||
|---|---|---|---|
| 003 | AR-BaBNM | ||
| 005 | 20251128211710.0 | ||
| 008 | 085020s2005 ||||||||||||||000 | spa|| | ||
| 020 | _a987-9433-21-1 | ||
| 040 | _cAR-BaBNM | ||
| 245 | 1 | 0 | _aNueva dramaturgia latinoamericana |
| 250 | _a1ª ed. | ||
| 260 |
_aBuenos Aires _bInstituto Nacional del Teatro _c2005 |
||
| 300 | 0 | _a310 p. | |
| 490 | 0 | _aAutores latinoamericanos | |
| 505 |
_tLos murmullos _rCano, Luis |
||
| 505 |
_tTantalegría _rMarull, Gonzalo |
||
| 505 |
_tAgua revoltosa _rDamaceno, Marcos |
||
| 505 |
_tColor de hormiga _rDe la Maza, Lucía |
||
| 505 |
_tEl zapato sucio _rDel Pino, Amado |
||
| 505 |
_tCartas al pie de un árbol _rNorzagaray, Angel |
||
| 505 |
_tTinieblas _rNieto, Jaime |
||
| 505 |
_tSlaugther _rBlanco, Sergio |
||
| 650 | 4 | _aTEATRO | |
| 650 | 4 | _aLITERATURA CONTEMPORANEA | |
| 650 | 4 | _aANTOLOGIAS | |
| 650 | 4 | _aLITERATURA LATINOAMERICANA | |
| 651 | 4 | _aAmérica Latina | |
| 655 | _aLITERATURA | ||
| 700 | 1 |
_aPacheco, Carlos _eprologuista |
|
| 942 | _cBK | ||
| 998 | _cmartin | ||
| 999 |
_c20765 _d20765 |
||